000 00492nam a2200181Ia 4500
005 20250529150418.0
008 008 250516s9999 xx 000 0 eng d
020 _a9789387496774
040 _beng
_cSDCL
041 _aeng
_2eng
084 _aQ2:393 R2
100 _aZin, Monika
_9589146
245 0 _aSamsaracakra :
_bThe wheel of rebirth in the Indian tradition
260 _aNew Delhi:
_bDev Publishers,
_c2022.
300 _a229p.
650 _aPhilosophy
942 _cTEXL
_2CC
999 _c1430117
_d1430117